000 00745nam a2200265Ia 4500
003 OSt
005 20220926030219.0
006 a|||||r|||| 00| 0
007 ta
008 220923b |||||||| |||| 00| 0 eng d
020 _a0897270177
037 _cGeneral Book
040 _aRTL
_cRTL
_beng
041 _2eng
_aeng
082 _aW, M1
100 _aPaine Robert Ed.
_9333843
245 0 _aPolitically speaking
_b Cross-cultural studies of r
260 _aPhiladelphia
_bI S H I
_c1981
300 _a219p
_ccm.
490 _aInstitute for the Study of Human Issues
500 _aBibliography: P 201-09
650 _aPolitical Science
942 _hW, M1
_cGB
_2CC
999 _c648987
_d648987